The Effect of Refactoring on Software Quality (Thesis MS) (Record no. 69078)

MARC details
000 -LEADER
fixed length control field 00382nam a22001217a 4500
100 ## - MAIN ENTRY--AUTHOR NAME
Personal name Komal Umrani
-- 19-MSIT-11
-- Supervisor - Dr . Rafia Naz Memon
245 ## - TITLE STATEMENT
Title The Effect of Refactoring on Software Quality (Thesis MS)
260 ## - PUBLICATION, DISTRIBUTION, ETC. (IMPRINT)
Place of publication Nawabshah
Name of publisher QUEST
Year of publication 2024
300 ## - PHYSICAL DESCRIPTION
Number of Pages 76p.
700 ## - ADDED ENTRY--PERSONAL NAME
Personal name Department of Information Technology
942 ## - ADDED ENTRY ELEMENTS (KOHA)
Koha item type Thesis and Dissertation
Holdings
Withdrawn status Lost status Home library Current library Date acquired Accession Number Koha item type
    Research Section Research Section 29/06/2026 MP/99-1446 Thesis and Dissertation
    Research Section Research Section 29/06/2026 MP/99-1447 Thesis and Dissertation